Bioproducts /

Uložené v:
Podrobná bibliografia
Hlavný autor: Fiechter, A (Autor)
Médium: Kniha
Vydavateľské údaje: Berlin : Akademie Verlag, 1986
Tagy: Pridať tag
Žiadne tagy, Buďte prvý, kto otaguje tento záznam!

MARC

LEADER 00000nam a22000003a 4500
001 stu19785
005 20150617225753.0
008 ------s1986----gw----------------------d
040 |a STU  |b slo 
041 0
044 |a gw 
080 |a 577.1 
100 1 |a Fiechter, A  |4 aut 
245 1 |a Bioproducts /  |c [aut.]Fiechter,A 
260 |a Berlin :  |b Akademie Verlag,  |c 1986 
300 |a 169 s :  |b Tab.,grafy,lit 
996 |b C78595  |c C*78595  |l CCIV  |s P  |a 0  |w stu19785_0001